000
00329nam a22001457a 4500
020
_a
81-7301-214-8
082
_a
823
_b
DRE/V
100
_a
DREAMLAND
245
_a
AESOP'S FABLES: THE VAIN CROW
260
_a
DELHI
_b
DREAMLAND
300
_a
16
520
_a
ENGLISH SHORT STORY
650
_a
ENGLISH SHORT STORY
_z
UK
942
_c
BK
999
_c
5012
_d
5012